Reform not revolution (Record no. 73304)
[ view plain ]
| 000 -LEADER | |
|---|---|
| fixed length control field | 01486cam a2200253 4500 |
| 001 - CONTROL NUMBER | |
| control field | ABS66994 |
| 008 - FIXED-LENGTH DATA ELEMENTS--GENERAL INFORMATION | |
| fixed length control field | 030901n2003 000 0 eng u |
| 035 ## - SYSTEM CONTROL NUMBER | |
| System control number | (Sirsi) u123411 |
| 100 ## - MAIN ENTRY--PERSONAL NAME | |
| Personal name | Lupton, M. |
| 245 ## - TITLE STATEMENT | |
| Title | Reform not revolution |
| Medium | [electronic resource] |
| 260 ## - PUBLICATION, DISTRIBUTION, ETC. | |
| Date of publication, distribution, etc. | 2003 |
| 490 ## - SERIES STATEMENT | |
| Series statement | Inside Housing |
| Volume/sequential designation | 20(24) 20 June 2003, 27-29(2) |
| 520 ## - SUMMARY, ETC. | |
| Summary, etc. | Discusses the proposal in the ODPM consultation paper "Increasing the effectiveness of powers to regulate RSLs"that the role for developers and other private bodies in the provision of social housing could be widened, paying social housing grant to profit-making organisations. The proposal appears to be based on the assumption that housing associations are under-performing and need to compete with private developers on price. The key strength of the development of social housing by associations is however their longer-term view that links development and financing with on-going management and maintenance. Concludes that detailed thinking on this issue has yet to be done. |
| 590 ## - LOCAL NOTE (RLIN) | |
| Local note | ABS |
| 650 ## - SUBJECT ADDED ENTRY--TOPICAL TERM | |
| Topical term or geographic name entry element | Refurbishment |
| 9 (RLIN) | 6264 |
| 650 ## - SUBJECT ADDED ENTRY--TOPICAL TERM | |
| Topical term or geographic name entry element | REGISTERED SOCIAL LANDLORDS |
| 650 ## - SUBJECT ADDED ENTRY--TOPICAL TERM | |
| Topical term or geographic name entry element | HOUSING BILL |
| 650 ## - SUBJECT ADDED ENTRY--TOPICAL TERM | |
| Topical term or geographic name entry element | HOUSING ASSOCIATIONS |
| 650 ## - SUBJECT ADDED ENTRY--TOPICAL TERM | |
| Topical term or geographic name entry element | SOCIAL HOUSING GRANT |
| 690 ## - LOCAL SUBJECT ADDED ENTRY--TOPICAL TERM (OCLC, RLIN) | |
| Topical term or geographic name as entry element | Affordable housing |
| 9 (RLIN) | 6215 |
| 700 ## - ADDED ENTRY--PERSONAL NAME | |
| Personal name | Gibson, M. |
| 856 ## - ELECTRONIC LOCATION AND ACCESS | |
| Uniform Resource Identifier | <a href="https://www.insidehousing.co.uk/journals/insidehousing/legacydata/uploads/pdfs/1060343178_IH.030620.027-029.pdf">https://www.insidehousing.co.uk/journals/insidehousing/legacydata/uploads/pdfs/1060343178_IH.030620.027-029.pdf</a> |
| Public note | View article at www.insidehousing.co.uk |
| 942 ## - ADDED ENTRY ELEMENTS (KOHA) | |
| Suppress in OPAC | 0 |
| Withdrawn status | Lost status | Source of classification or shelving scheme | Damaged status | Not for loan | Home library | Current library | Shelving location | Date acquired | Total Checkouts | Full call number | Barcode | Date last seen | Copy number | Price effective from | Koha item type |
|---|---|---|---|---|---|---|---|---|---|---|---|---|---|---|---|
| Dewey Decimal Classification | London | London | Journal article | 01/09/2003 | ABS66994 | 123411-1001 | 06/08/2019 | 1 | 06/08/2019 | Journal article |